Sports Quiz

Random Sports or WWE Quiz

All WWE Tag Team Titles PPV Matches Part 4 Quiz Stats

 Plays Quiz not verified by Sporcle

Support Sporcle.
Go Orange.
Score 0/201 Timer 10:00
0 Plays Today
Event Superstar % Correct
Night of Champions 2009Big Show
98.9%
Summerslam 2009Big Show
98.9%
Breaking Point 2009Big Show
98.9%
Hell In A Cell 2009Big Show
98.9%
TLC 2009Big Show
98.9%
TLC 2013Big Show
98.9%
WrestleMania XXIXKane
98.8%
Extreme Rules 2013Kane
98.8%
Judgment Day 2008Kane
98.7%
WrestleMania XXVIBig Show
98.7%
Extreme Rules 2011Big Show
98.7%
Extreme Rules 2011Kane
98.7%
Over The Limit 2011Big Show
98.7%
Over The Limit 2011Kane
98.7%
Night of Champions 2012Kane
98.7%
Hell In A Cell 2012Kane
98.7%
Royal Rumble 2013Kane
98.7%
Night of Champions 2009Chris Jericho
98.3%
Summerslam 2009Chris Jericho
98.3%
Breaking Point 2009Chris Jericho
98.3%
Hell In A Cell 2009Chris Jericho
98.3%
TLC 2009Chris Jericho
98.3%
The Bash 2009Chris Jericho
98.1%
Over The Limit 2010Chris Jericho
98.1%
New Year's Revolution 2007Edge
97.8%
New Year's Revolution 2007Randy Orton
97.8%
The Bash 2009Edge
97.8%
Payback 2013Randy Orton
97.5%
New Year's Revolution 2007Triple H
96.8%
Judgment Day 2008The Miz
96.8%
Night of Champions 2008The Miz
96.8%
The Great American Bash 2008The Miz
96.8%
TLC 2009Triple H
96.8%
WrestleMania XXVIThe Miz
96.8%
Over The Limit 2010The Miz
96.8%
Night of Champions 2011The Miz
96.8%
Survivor Series 2007Cody Rhodes
96.6%
Night of Champions 2008Cody Rhodes
96.6%
Unforgiven 2008Cody Rhodes
96.6%
The Bash 2009Cody Rhodes
96.6%
Night of Champions 2009Cody Rhodes
96.6%
Night of Champions 2010Cody Rhodes
96.6%
Bragging Rights 2010Cody Rhodes
96.6%
Hell In A Cell 2012Cody Rhodes
96.6%
Royal Rumble 2013Cody Rhodes
96.6%
Hell In A Cell 2013Cody Rhodes
96.3%
New Year's Revolution 2007Shawn Michaels
96.1%
Judgment Day 2008John Morrison
96.1%
Night of Champions 2008John Morrison
96.1%
The Great American Bash 2008John Morrison
96.1%
TLC 2009Shawn Michaels
96.1%
WrestleMania XXVIJohn Morrison
96.1%
Night of Champions 2011Kofi Kingston
96.1%
Hell In A Cell 2011Kofi Kingston
96.1%
Vengeance 2011Kofi Kingston
96.1%
TLC 2011Kofi Kingston
96.1%
Over The Limit 2012Kofi Kingston
96.1%
Summerslam 2012Kofi Kingston
96.1%
Night of Champions 2012Kofi Kingston
96.1%
TLC 2013Cody Rhodes
96.1%
Backlash 2007Jeff Hardy
95.5%
Backlash 2007Matt Hardy
95.5%
Judgment Day 2007Jeff Hardy
95.5%
Judgment Day 2007Matt Hardy
95.5%
One Night Stand 2007Jeff Hardy
95.5%
One Night Stand 2007Matt Hardy
95.5%
Vengeance: Night of Champions 2007Jeff Hardy
95.5%
Event Superstar % Correct
Vengeance: Night of Champions 2007Matt Hardy
95.5%
Unforgiven 2007Matt Hardy
95.5%
Night of Champions 2012Daniel Bryan
95.3%
Hell In A Cell 2012Daniel Bryan
95.3%
Royal Rumble 2013Daniel Bryan
95.3%
Extreme Rules 2013Daniel Bryan
95%
Payback 2013Daniel Bryan
95%
WrestleMania XXIXDaniel Bryan
94.9%
The Bash 2009Primo
94%
WrestleMania XXVIR-Truth
94%
Night of Champions 2011R-Truth
94%
Over The Limit 2012R-Truth
94%
Summerslam 2012R-Truth
94%
Night of Champions 2012R-Truth
94%
Night of Champions 2008Ted DiBiase
93.8%
Unforgiven 2008Ted DiBiase
93.8%
The Bash 2009Ted DiBiase
93.8%
Night of Champions 2009Ted DiBiase
93.8%
TLC 2011Primo
93.8%
Judgment Day 2008CM Punk
93.5%
Over The Limit 2011CM Punk
93.5%
TLC 2013Goldust
93.3%
Bragging Rights 2010John Cena
93.1%
Hell In A Cell 2013Roman Reigns
92.6%
Hell In A Cell 2013Jey Uso
92.6%
Hell In A Cell 2013Jimmy Uso
92.6%
Night of Champions 2013Roman Reigns
92.5%
WrestleMania XXIXDolph Ziggler
92.3%
Hell In A Cell 2013Seth Rollins
92.3%
Payback 2013Roman Reigns
92.3%
Night of Champions 2013Seth Rollins
92.2%
Extreme Rules 2013Roman Reigns
92.1%
Night of Champions 2011Evan Bourne
92%
Hell In A Cell 2011Evan Bourne
92%
Vengeance 2011Evan Bourne
92%
TLC 2011Evan Bourne
92%
Payback 2013Seth Rollins
92%
TLC 2013Rey Mysterio
91.9%
The Bash 2009Carlito
91.8%
Extreme Rules 2013Seth Rollins
91.8%
Hell In A Cell 2009Rey Mysterio
91.6%
Night of Champions 2010Evan Bourne
91.4%
Survivor Series 2010Heath Slater
91.4%
TLC 2010Heath Slater
91.4%
Hell In A Cell 2011Dolph Ziggler
91.4%
Vengeance 2011Dolph Ziggler
91.4%
Over The Limit 2012Dolph Ziggler
91.4%
Elimination Chamber 2011Heath Slater
91.2%
Money In The Bank 2010Jey Uso
90.8%
Money In The Bank 2010Jimmy Uso
90.8%
Night of Champions 2010Jey Uso
90.8%
Night of Champions 2010Jimmy Uso
90.8%
TLC 2011Epico
90.8%
Survivor Series 2010Justin Gabriel
90.3%
TLC 2010Justin Gabriel
90.3%
Unforgiven 2007MVP
90.1%
Breaking Point 2009MVP
90.1%
Elimination Chamber 2011Justin Gabriel
90.1%
Bragging Rights 2010David Otunga
89.2%
Hell In A Cell 2013Goldust
89.1%
TLC 2013Jack Swagger
88.8%
Breaking Point 2009Mark Henry
88%
Night of Champions 2010Mark Henry
88%
Hell In A Cell 2011Jack Swagger
88%
Vengeance 2011Jack Swagger
88%
Over The Limit 2012Jack Swagger
88%
Hell In A Cell 2012Damien Sandow
87.5%
Event Superstar % Correct
Royal Rumble 2013Damien Sandow
87.5%
Extreme Rules 2011Wade Barrett
86.5%
Over The Limit 2010Tyson Kidd
86.2%
Money In The Bank 2010Tyson Kidd
86.2%
Night of Champions 2010Tyson Kidd
86.2%
Over The Limit 2010David Hart Smith
85.6%
Money In The Bank 2010David Hart Smith
85.6%
Night of Champions 2010David Hart Smith
85.6%
Night of Champions 2010Drew McIntyre
85.4%
Bragging Rights 2010Drew McIntyre
85.4%
Hell In A Cell 2009Batista
85.2%
TLC 2013Antonio Cesaro
85.1%
Survivor Series 2007Hardcore Holly
84.1%
Night of Champions 2008Hardcore Holly
84.1%
One Night Stand 2007Shelton Benjamin
83.4%
TLC 2013Ryback
83.4%
Night of Champions 2013Darren Young
82.9%
Backlash 2007Lance Cade
82.4%
Judgment Day 2007Lance Cade
82.4%
Vengeance: Night of Champions 2007Lance Cade
82.4%
Unforgiven 2007Lance Cade
82.4%
Survivor Series 2007Lance Cade
82.4%
WrestleMania XXIXBig E Langston
82.2%
Night of Champions 2010Santino Marella
82.2%
Survivor Series 2010Santino Marella
82.2%
TLC 2010Santino Marella
82.2%
Elimination Chamber 2011Santino Marella
82.2%
Night of Champions 2013Titus O'Neil
82.1%
No Way Out 2007Paul London
81.7%
No Way Out 2007Brian Kendrick
81.7%
Unforgiven 2007Paul London
81.7%
Unforgiven 2007Brian Kendrick
81.7%
Backlash 2007Trevor Murdoch
81.5%
Judgment Day 2007Trevor Murdoch
81.5%
One Night Stand 2007Charlie Haas
81.5%
Vengeance: Night of Champions 2007Trevor Murdoch
81.5%
Unforgiven 2007Trevor Murdoch
81.5%
Survivor Series 2007Trevor Murdoch
81.5%
Summerslam 2012Darren Young
81.3%
Summerslam 2012Titus O'Neil
80.9%
TLC 2013Curtis Axel
80.3%
Night of Champions 2010Vladimir Kozlov
80%
Survivor Series 2010Vladimir Kozlov
80%
TLC 2010Vladimir Kozlov
80%
Elimination Chamber 2011Vladimir Kozlov
80%
Unforgiven 2008JTG
78.7%
Summerslam 2009JTG
78.7%
The Great American Bash 2008Zack Ryder
76.3%
Night of Champions 2008Finlay
75.9%
The Great American Bash 2008Finlay
75.9%
Extreme Rules 2011Ezekiel Jackson
75.5%
Unforgiven 2008Shad Gaspard
73.8%
Summerslam 2009Shad Gaspard
73.8%
The Great American Bash 2008Curt Hawkins
72.9%
No Way Out 2007Domino
72%
Vengeance: Night of Champions 2007Domino
72%
Unforgiven 2007Domino
72%
Night of Champions 2008Hornswoggle
71.6%
The Great American Bash 2008Hornswoggle
71.6%
No Way Out 2007Deuce
71.4%
Vengeance: Night of Champions 2007Deuce
71.4%
Unforgiven 2007Deuce
71.4%
Over The Limit 2011Mason Ryan
66%
The Great American Bash 2008Festus
58.1%
The Great American Bash 2008Jesse
57.6%
Vengeance: Night of Champions 2007Jimmy Snuka
51.4%
Vengeance: Night of Champions 2007Sgt. Slaughter
50.1%

You're not logged in!

Compare scores with friends on all Sporcle quizzes.
OR
Log In

From the Vault

Most Popular Languages by Suffix

by lukebradford

It's good to be able to know who's speaking what.
Remove Ads.
Support Sporcle.
Get the best of Sporcle when you Go Orange. This ad-free experience offers more features, more stats, and more fun while also helping to support Sporcle. Thank you for becoming a member.

Show Comments

Extras

Top Quizzes Today


Score Distribution

Your Account Isn't Verified!

In order to create a playlist on Sporcle, you need to verify the email address you used during registration. Go to your Sporcle Settings to finish the process.

Report this User

Report this user for behavior that violates our Community Guidelines.

Details: